[Event "CSR-ch int"]
[Site "Prague"]
[Date "1989.??.??"]
[Round "2"]
[White "Horvath, Jozsef"]
[Black "Jansa, Vlastimil"]
[Result "1-0"]
[WhiteElo "2510"]
[BlackElo "2515"]

1.e4 c5 2.Nf3 e6 3.d4 cxd4 4.Nxd4 Nc6 5.Nc3 a6 6.Nxc6 bxc6 7.Bd3 d5 8.O-O Nf6
9.Re1 Bb7 10.b3 Bb4 11.Bd2 O-O 12.e5 Nd7 13.Qg4 a5 14.a3 Bxc3 15.Bxc3 Nc5
16.Rad1 Qe7 17.Qh5 g6 18.Qh6 Rfd8 19.Re3 Qf8 20.Qh4 Rd7 21.Rh3 Qg7 22.Bd4 Ne4
23.f3 c5 24.Ba1 g5 25.Qg4 Rad8 26.fxe4 dxe4 27.Be2 Qg6 28.Rf1 e3 29.Rxe3  1-0

[Event "CSR-ch int"]
[Site "Prague"]
[Date "1989.??.??"]
[Round "5"]
[White "Mokry, Karel"]
[Black "Bischoff, Klaus"]
[Result "1/2-1/2"]
[WhiteElo "2500"]
[BlackElo "2505"]

1.e4 c5 2.Nf3 e6 3.d4 cxd4 4.Nxd4 Nc6 5.Nc3 Qc7 6.Be2 a6 7.O-O Nf6 8.Kh1 Be7
9.f4 d6 10.Be3 O-O 11.a4 Bd7 12.Nb3 b6 13.Bf3 Bc8 14.g4 Nd7 15.g5 Re8 16.Bg2 Rb8
17.Qg4 Na5 18.Rf3 Nc4  1/2-1/2

[Event "CSR-ch int"]
[Site "Prague"]
[Date "1989.??.??"]
[Round "6"]
[White "Plachetka, Jan"]
[Black "Horvath, Jozsef"]
[Result "1-0"]
[WhiteElo "2450"]
[BlackElo "2510"]

1.e4 c5 2.Nf3 e6 3.d4 cxd4 4.Nxd4 Nc6 5.Nc3 Qc7 6.f4 a6 7.Nxc6 bxc6 8.e5 f5
9.Na4 d6 10.exd6 Bxd6 11.Qh5+ Kf8 12.Qf3 Nf6 13.Bd3 Bb7 14.O-O c5 15.Qe2 Qc6
16.b3 h5 17.Nb2 h4 18.h3 e5 19.Bxf5 exf4 20.Bxf4 Bxf4 21.Rxf4 Re8 22.Qf2 Kg8
23.Bg6 Re7 24.Rd1 Qc7 25.Nc4 Rh6 26.Bd3 Rh5 27.Nd6 Bd5 28.Nf5 Rd7 29.Rxh4 Rg5
30.Ne3 Be6 31.Rf1 Rd4 32.Rxd4 cxd4 33.Nf5 Qc5 34.Qf4  1-0

[Event "CSR-ch int"]
[Site "Prague"]
[Date "1989.??.??"]
[Round "7"]
[White "Ilincic, Zlatko"]
[Black "Plachetka, Jan"]
[Result "1-0"]
[WhiteElo "2430"]
[BlackElo "2450"]

1.e4 c5 2.Nf3 e6 3.d4 cxd4 4.Nxd4 Nc6 5.Nc3 Qc7 6.Be2 a6 7.O-O Nf6 8.Kh1 Be7
9.f4 d6 10.Be3 O-O 11.Qe1 Bd7 12.Qg3 Kh8 13.Nf3 e5 14.Nd5 Nxd5 15.exd5 Nb4
16.fxe5 Nxd5 17.Bd4 f6 18.exf6 Bxf6 19.Bd3 Rae8 20.Rae1 Bc8 21.Rxe8 Rxe8
22.Ng5 Bxd4 23.Qh4 Nf6 24.Qxd4 d5 25.Qh4 Re5 26.Nxh7 Rh5 27.Qxh5  1-0

[Event "Prague op"]
[Site "Prague"]
[Date "1989.??.??"]
[Round "7"]
[White "Stoinov, Jordan"]
[Black "Pogorelov, Ruslan"]
[Result "1/2-1/2"]
[WhiteElo "2300"]
[BlackElo "2355"]

1.e4 c5 2.Nf3 e6 3.d4 cxd4 4.Nxd4 Nc6 5.Nc3 d6 6.g3 Nf6 7.Bg2 Bd7 8.O-O Be7
9.Be3 O-O 10.Nxc6 Bxc6 11.a4 Qd7 12.Qe2 b6 13.a5 b5 14.e5 Bxg2 15.Kxg2 dxe5
16.Qxb5 Qc7 17.Ra4 Rfc8 18.Qa6 Nd5 19.Nxd5 exd5 20.c3 Qd7 21.Raa1 Bc5 22.Bxc5 Rxc5
23.Qd3 Qb7 24.Qd2 d4+ 25.Kg1 dxc3 26.bxc3 Qc7 27.a6 Rd8 28.Qb2 Rb8 29.Qd2 Rxc3
30.Rab1 Rxb1 31.Rxb1 g6 32.Qh6 Rc6 33.Rb7 Rc1+ 34.Kg2 Qc6+ 35.Kh3 Qe6+ 36.Kg2 Qc6+
37.Kh3 Qxa6 38.Rxf7 Qe6+ 39.Kg2 Qxf7 40.Qxc1 Qd5+ 41.Kg1 Qd7 42.Qc5 Qd4 43.Qe7 Qd1+
44.Kg2 Qd5+ 45.Kg1 Qf7 46.Qxe5 Qb7 47.Qe8+ Kg7 48.Qe5+ Kf7 49.Qf4+ Ke8 50.Qe5+ Qe7
51.Qb8+ Kf7 52.Qf4+ Kg8 53.Qc4+ Qf7 54.Qc8+ Kg7 55.Qc3+ Kg8 56.Qc8+ Kg7 57.Qc3+  1/2-1/2

[Event "Prague Mladi"]
[Site "Prague"]
[Date "1989.??.??"]
[Round "8"]
[White "Szymczak, Zbigniew"]
[Black "Bretsnajdr, Vladimir"]
[Result "1-0"]
[WhiteElo "2400"]
[BlackElo "2310"]

1.e4 c5 2.Nf3 e6 3.d4 cxd4 4.Nxd4 Nc6 5.Nc3 Qc7 6.g3 a6 7.Bg2 d6 8.O-O Bd7
9.Re1 Nf6 10.Nxc6 bxc6 11.Na4 Rb8 12.c4 c5 13.Nc3 Be7 14.b3 Bc6 15.Qe2 O-O
16.Bb2 Bb7 17.e5 dxe5 18.Qxe5 Bd6 19.Qe2 Bxg2 20.Kxg2 Nd7 21.Rad1 Rbd8 22.Ne4 Be7
23.f4 Bf6 24.Rxd7  1-0

[Event "CSR-ch int"]
[Site "Prague"]
[Date "1989.??.??"]
[Round "14"]
[White "Mokry, Karel"]
[Black "Horvath, Jozsef"]
[Result "1-0"]
[WhiteElo "2500"]
[BlackElo "2510"]

1.e4 c5 2.Nf3 e6 3.d4 cxd4 4.Nxd4 Nc6 5.Nc3 Qc7 6.Be2 a6 7.O-O Nf6 8.Kh1 Be7
9.f4 d6 10.Be3 O-O 11.a4 Re8 12.Bf3 Rb8 13.Qd2 Bd7 14.Nb3 b6 15.g4 Bc8 16.g5 Nd7
17.Bg2 Na5 18.Qf2 Nc4 19.Bc1 Bf8 20.Nd4 Na5 21.f5 Ne5 22.Nce2 Nac6 23.Ra3 Nxd4
24.Nxd4 exf5 25.Rc3 Qe7 26.exf5 Bb7 27.Qh4 Bxg2+ 28.Kxg2 Qb7+ 29.Kg1 Qd5
30.Rh3 h5 31.gxh6 Be7 32.f6 gxf6 33.h7+ Kh8 34.Nf5 Ng6 35.Qf2 Bf8 36.Ne3 Qe4
37.Qxf6+ Bg7 38.Qf5 Qxa4 39.Qxf7 Qe4 40.Rg3 Bd4 41.Rxg6 Bxe3+ 42.Bxe3 Qxe3+
43.Kh1  1-0

[Event "Ragusa op"]
[Site "Ragusa"]
[Date "1989.??.??"]
[Round "?"]
[White "Nicevski, Risto"]
[Black "Misanovic, Vesna"]
[Result "1-0"]
[WhiteElo "2390"]
[BlackElo "2260"]

1.e4 c5 2.Nf3 e6 3.Nc3 Nc6 4.d4 cxd4 5.Nxd4 Nf6 6.a3 d5 7.Bb5 Bd7 8.exd5 Nxd5
9.Nxd5 exd5 10.Be3 Be7 11.Qh5 Bf6 12.Qxd5 Nxd4 13.Bxd7+ Qxd7 14.Qxd7+ Kxd7
15.O-O-O Kc7 16.Bxd4 Bxd4 17.Rxd4 Rae8 18.Kd2 Rd8 19.Rxd8 Rxd8+ 20.Ke2 Rd6
21.Rd1 Rb6 22.b3 Rg6 23.g3 Ra6 24.a4 Rc6 25.c4 Re6+ 26.Kd3 Rh6 27.h4 Rf6
28.Ke2 Re6+ 29.Kf1 Rb6 30.Rd3 a5 31.Rf3 f6 32.Rd3 Kc6 33.Ke2 Kc5 34.Rd7 Rxb3
35.Rxg7 Kxc4 36.Rxh7 b5 37.Rc7+ Kd4 38.axb5 Rxb5 39.Rc6 a4 40.Ra6 Rb4 41.h5 Kc3
42.h6 Kb3 43.h7 Re4+ 44.Kd3 Re8 45.Rb6+ Ka2 46.Rxf6 Rh8 47.Rf7 a3 48.g4 Kb1
49.Rb7+ Ka1 50.g5 a2 51.Ra7  1-0

[Event "Reggio Emilia 8990"]
[Site "Reggio Emilia"]
[Date "1989.??.??"]
[Round "?"]
[White "Anceschi, Vittorio"]
[Black "Beil, Zdenek"]
[Result "1/2-1/2"]
[WhiteElo "2285"]
[BlackElo "2375"]

1.e4 c5 2.Nf3 e6 3.d4 cxd4 4.Nxd4 Nc6 5.Nc3 Qc7 6.Be2 a6 7.a4 Nf6 8.O-O Bb4
9.Qd3 O-O 10.Bg5 Bxc3  1/2-1/2

[Event "Rome op"]
[Site "Rome"]
[Date "1989.??.??"]
[Round "?"]
[White "Mrdja, Milan"]
[Black "Polgar, Sofia"]
[Result "0-1"]
[WhiteElo "2405"]
[BlackElo "2345"]

1.e4 c5 2.Nf3 e6 3.d4 cxd4 4.Nxd4 Nc6 5.Nc3 Qc7 6.f4 a6 7.Be3 b5 8.Nb3 d6
9.Bd3 Nf6 10.Qf3 Bb7 11.O-O Be7 12.Qh3 h5 13.Kh1 Ng4 14.Bg1 g5 15.Be2 O-O-O
16.a4 b4 17.Nb5 Qd7 18.N5d4 Nxd4 19.Bxd4 e5 20.fxe5 dxe5 21.Bc5 Bxe4 22.Qg3 f5
23.Bxa6+ Kb8 24.Bb5 h4 25.Qh3 Qb7 26.Rae1 Nf6 27.Rxe4 Qxe4 28.Bd3 g4 29.Bxe4 gxh3
30.Bxe7 Nxe4 31.Bxd8 Rxd8 32.gxh3 f4 33.Kg2 Ng5 34.Kf2 e4 35.Ke2 Nxh3 36.Nc5 Re8
37.Nd7+ Kc7 38.Nf6 Re5 39.Rd1 Kc6 40.Rd8 f3+  0-1

[Event "Royan op"]
[Site "Royan"]
[Date "1989.??.??"]
[Round "3"]
[White "Hebden, Mark"]
[Black "Mercier, Jean Pierre"]
[Result "1-0"]
[WhiteElo "2520"]
[BlackElo "2215"]

1.e4 c5 2.Nc3 e6 3.Nf3 Nc6 4.d4 cxd4 5.Nxd4 Nf6 6.Nxc6 dxc6 7.Qxd8+ Kxd8
8.Bg5 Ke8 9.O-O-O Nd7 10.h4 f6 11.Be3 e5 12.g4 Nc5 13.g5 Bg4 14.Re1 b5 15.Rg1 Be6
16.f4 a5 17.Kb1 b4 18.Nd1 a4 19.Nf2 Nd7 20.Bh3 Bxh3 21.Nxh3 Be7 22.Rd1 Rf8
23.f5 g6 24.fxg6 hxg6 25.gxf6 Rxf6 26.Ng5 Bc5 27.Bxc5 Nxc5 28.Nh7 Re6 29.Rgf1 Ke7
30.Ng5 Rd6  1-0

[Event "Royan op"]
[Site "Royan"]
[Date "1989.??.??"]
[Round "5"]
[White "Gallagher, Joseph G"]
[Black "Jansa, Vlastimil"]
[Result "1-0"]
[WhiteElo "2445"]
[BlackElo "2505"]

1.e4 c5 2.Nf3 e6 3.d4 cxd4 4.Nxd4 Nc6 5.Nc3 a6 6.Be2 d6 7.Be3 Nf6 8.Qd2 Be7
9.f4 O-O 10.O-O-O Qc7 11.g4 d5 12.e5 Nd7 13.h4 Nb6 14.h5 Na5 15.Nf5 Nbc4
16.Nxe7+ Qxe7 17.Bxc4 Nxc4 18.Qd4 f6 19.h6 fxe5 20.fxe5 g6 21.Ne4 b6 22.Nf6+ Kh8
23.b3 Nxe3 24.Qxe3 b5 25.Rhf1 Bb7 26.Qb6 Rac8 27.Qd6 Qxd6 28.exd6 Rcd8 29.Nd7 Rxf1
30.Rxf1 Kg8 31.Nf6+ Kh8 32.g5 e5 33.Nd7 Kg8 34.Nxe5 Rxd6 35.Rf7 Re6 36.Rg7+ Kf8  1-0

[Event "Sagua la Grande"]
[Site "Sagua la Grande"]
[Date "1989.??.??"]
[Round "12"]
[White "Armas, Jorge"]
[Black "Sieiro Gonzalez, Luis"]
[Result "1/2-1/2"]
[WhiteElo "2385"]
[BlackElo "2395"]

1.e4 c5 2.Nf3 e6 3.d4 cxd4 4.Nxd4 Nc6 5.Nc3 a6 6.Be3 Qc7 7.Bd3 Nf6 8.O-O Ne5
9.h3 Bc5 10.Qe2 d6 11.Nb3 Bxe3 12.Qxe3 O-O 13.f4 Ng6  1/2-1/2

[Event "Salamanca"]
[Site "Salamanca"]
[Date "1989.??.??"]
[Round "?"]
[White "Garcia, Gildardo"]
[Black "Franco Ocampo, Zenon"]
[Result "0-1"]
[WhiteElo "2430"]
[BlackElo "2490"]

1.e4 c5 2.Nf3 Nc6 3.d4 cxd4 4.Nxd4 e6 5.Nc3 Qc7 6.g3 d6 7.Bg2 Nxd4 8.Qxd4 Bd7
9.O-O Nf6 10.Bg5 Be7 11.Rad1 h6 12.Be3 O-O 13.Qd3 a6 14.Bf4 e5 15.Bd2 Rac8
16.h3 b5 17.a3 Be6 18.Rfe1 Rfd8 19.Kh2 Nd7 20.Rg1 Nb6 21.Bc1 Bf6 22.Qf3 Bg5
23.Bxg5 hxg5 24.Bf1 Qc5 25.Bd3 Nd7 26.Nd5 Bxd5 27.exd5 g6 28.h4 f5 29.Bxf5 Rf8
30.b4 Qb6 31.Be6+ Kg7 32.Qd3 Rxf2+ 33.Rg2 Rcxc2 34.Qxc2 Rxc2 35.Rxc2 Nf6
36.Rf1 gxh4 37.gxh4 Qd4 38.Rc7+ Kh6 39.Rf3 Nh5 40.Rf8 Qxh4+ 41.Kg1 Qg3+ 42.Kf1 Nf4
43.Rxf4 exf4  0-1

[Event "Sevilla op"]
[Site "Sevilla"]
[Date "1989.??.??"]
[Round "?"]
[White "Outerelo, Manuel"]
[Black "Sion Castro, Marcelino"]
[Result "1/2-1/2"]
[WhiteElo "2280"]
[BlackElo "2315"]

1.e4 c5 2.Nf3 e6 3.d4 cxd4 4.Nxd4 Nc6 5.Nc3 Qc7 6.Be3 a6 7.Be2 Nf6 8.O-O Bb4
9.Na4 Be7 10.c4 Nxe4 11.Bf3 Nf6 12.c5 O-O 13.Rc1 Re8 14.Re1 Bf8 15.Nb6 Rb8
16.Qd2 Bxc5 17.Nxc6 bxc6 18.Bxc5 Rxb6 19.Bxb6 Qxb6 20.Qc3  1/2-1/2

[Event "URS Army-ch"]
[Site "Simferopol"]
[Date "1989.??.??"]
[Round "?"]
[White "Tseshkovsky, Vitaly"]
[Black "Sideif Sade, Fikret I"]
[Result "1-0"]
[WhiteElo "2520"]
[BlackElo "2390"]

1.e4 c5 2.Nf3 e6 3.d4 cxd4 4.Nxd4 Nc6 5.Nc3 Qc7 6.Be2 a6 7.f4 b5 8.Bf3 Bb7
9.Be3 Nxd4 10.Qxd4 Rc8 11.a3 Ne7 12.O-O-O Nc6 13.Qb6 Qxb6 14.Bxb6 b4 15.axb4 Bxb4
16.Rd3 Ba5 17.Na4 Bxb6 18.Nxb6 Rc7 19.Rhd1 Nb8 20.e5 Bxf3 21.Rxf3 Ke7 22.b3 Rc5
23.Rg3 g6 24.Kb2 Rd8 25.Rh3 h5 26.Rhd3 g5 27.g3 h4 28.Na4 Ra5 29.Nb6 Rc5
30.R1d2 hxg3 31.hxg3 gxf4 32.gxf4 Rb5 33.Nc4 Rh8 34.Nd6 Rc5 35.Rg3 Kf8 36.Ne4 Rc8
37.Nd6 Rc5 38.Rdg2 Nc6 39.Ne4 Rb5 40.Nf6 Ke7 41.Ng8+ Kf8 42.c4 Rb8 43.Ka3 Rd8
44.c5 Rb8 45.Nf6 Ke7 46.Rd2 Rb7 47.Rgd3 Nb8 48.Rd6 Rc8 49.Rb6 Rxb6 50.cxb6 d5
51.b7 Rd8 52.Rc2 d4 53.Rc7+ Kf8 54.Kb2 a5 55.Kc2 d3+ 56.Kd2 Na6 57.Rc6 Nb8
58.Rc5  1-0

[Event "Slupsk"]
[Site "Slupsk"]
[Date "1989.??.??"]
[Round "2"]
[White "Duda, Andrzej"]
[Black "Kozlowski, Waldemar"]
[Result "0-1"]
[WhiteElo "2295"]
[BlackElo "2315"]

1.e4 c5 2.Nf3 e6 3.d4 cxd4 4.Nxd4 Nc6 5.Nc3 a6 6.g3 Bb4 7.Bg2 Nf6 8.O-O Qc7
9.Bg5 Be7 10.Re1 d6 11.Nxc6 bxc6 12.e5 dxe5 13.Rxe5 O-O 14.Bf4 Qb7 15.Re2 Bd7
16.Ne4 Rfd8 17.Rd2 Be8 18.c4 Rxd2 19.Qxd2 Nxe4 20.Bxe4 Bf6 21.Bd6 g6 22.c5 Bg7
23.Rd1 a5 24.b3 Qb4 25.Bf3 Qxd2 26.Rxd2 Bc3 27.Rd3 Bb4 28.Re3 Bd7 29.h4 f6
30.Be2 Kf7 31.Bc4 Re8 32.Re2 Kg7 33.f3 e5 34.Kf2 Be6 35.Bxe6 Rxe6 36.f4 e4
37.f5 gxf5 38.Ke3 Kg6 39.Kf4 h5 40.Ke3 Re8 41.Rc2 Kf7 42.Kd4 Rg8 43.Re2 Ke6
44.Kc4 Rg7 45.Kd4 Rd7 46.Kc4 Rb7 47.Kd4 a4 48.bxa4 Ba5 49.Rc2 Rb4+ 50.Ke3 Rxa4
51.Rb2 Ra3+ 52.Ke2 Bc3 53.Rb8 Rxa2+ 54.Kf1 Kd5 55.Rh8 e3 56.Re8 Rf2+ 57.Kg1 Bd4
58.Bf8 Ra2 59.Kf1 Kc4  0-1

[Event "Slupsk"]
[Site "Slupsk"]
[Date "1989.??.??"]
[Round "8"]
[White "Duda, Andrzej"]
[Black "Maslanka, Robert"]
[Result "1-0"]
[WhiteElo "2295"]
[BlackElo "2315"]

1.e4 c5 2.Nf3 e6 3.d4 cxd4 4.Nxd4 Nc6 5.Nc3 Qc7 6.g3 a6 7.Bg2 d6 8.O-O Nf6
9.Re1 Be7 10.Nxc6 bxc6 11.e5 dxe5 12.Rxe5 Nd5 13.Qe1 O-O 14.Re2 a5 15.Nxd5 cxd5
16.Bf4 Qb6 17.Be3 Bc5 18.Bxc5 Qxc5 19.b3 Rb8 20.c4 dxc4 21.Rc1 Rb4 22.Rec2 Ba6
23.bxc4 h6 24.Qd2 Rc8 25.h3 Bb7 26.Qd7 Bxg2 27.Kxg2 Rbb8 28.Rd1 Rc7 29.Qd6 Rb4
30.Qd8+ Kh7 31.Qd3+ g6 32.Rdc1 Rc6 33.Qf3 Kg7 34.Qc3+ Kg8 35.Qf3 Rd6 36.Qf6 e5
37.Qe7 Qc6+ 38.Kh2 Re6 39.Qd8+ Kg7 40.c5 e4 41.Qxa5 Rd4 42.Qc3  1-0

[Event "POL-ch"]
[Site "Slupsk"]
[Date "1989.??.??"]
[Round "15"]
[White "Sznapik, Aleksander"]
[Black "Jasnikowski, Zbigniew"]
[Result "1/2-1/2"]
[WhiteElo "2455"]
[BlackElo "2430"]

1.e4 c5 2.Nf3 e6 3.d4 cxd4 4.Nxd4 Nc6 5.Nc3 d6 6.g4 h6 7.Rg1 Be7 8.Be3 a6
9.Be2 Qc7 10.Qd2 b5 11.O-O-O Nf6 12.a3 b4 13.axb4 Nxb4 14.h4 Rb8 15.Nb3 d5
16.Bf4 e5 17.exd5 Nbxd5 18.Nxd5 Nxd5 19.Bxe5 Qxe5 20.Qxd5 Qxd5 21.Rxd5 Bxh4
22.f4 Be6 23.Re5 O-O 24.g5 hxg5 25.fxg5 Bxb3 26.cxb3 Rfe8 27.Rxe8+ Rxe8  1/2-1/2

[Event "Sochi-B"]
[Site "Sochi"]
[Date "1989.??.??"]
[Round "?"]
[White "Filipenko, Alexander V"]
[Black "Panchenko, Alexander N"]
[Result "1/2-1/2"]
[WhiteElo "2380"]
[BlackElo "2430"]

1.e4 e6 2.d4 c5 3.Nf3 cxd4 4.Nxd4 Nc6 5.Nc3 Nf6 6.Ndb5 d6 7.Bf4 e5 8.Bg5 a6
9.Na3 b5 10.Nd5 Qa5+ 11.Bd2 Qd8 12.Bg5 Qa5+ 13.Bd2 Qd8 14.Bg5 Be7 15.Bxf6 Bxf6
16.c3 O-O 17.Nc2 Rb8 18.a4 bxa4 19.Ncb4 Nxb4 20.cxb4 Bd7 21.Bxa6 Bc6 22.b5  1/2-1/2

[Event "Sochi-B"]
[Site "Sochi"]
[Date "1989.??.??"]
[Round "?"]
[White "Kramnik, Vladimir"]
[Black "Tunik, Gennady"]
[Result "0-1"]
[WhiteElo "2490"]
[BlackElo "2470"]

1.e4 c5 2.Nf3 e6 3.d4 cxd4 4.Nxd4 Nc6 5.Nc3 a6 6.f4 Nxd4 7.Qxd4 b5 8.a3 Bb7
9.Bd3 Rc8 10.Qf2 Nf6 11.e5 Nd5 12.Nxd5 Bxd5 13.Be3 Qc7 14.a4 Bc4 15.O-O Bxd3
16.cxd3 Be7 17.axb5 axb5 18.Ra7 Qc6 19.f5 exf5 20.Qxf5 Qe6 21.Rb7 b4 22.h3 Qxf5
23.Rxf5 Rf8 24.Bd2 Bc5+ 25.Kh1 Ke7 26.Rf4 Ke6 27.Bxb4 Bxb4 28.Rfxb4 Rc1+
29.Kh2 Rfc8 30.d4 Rd1 31.Kg3 Rc2 32.Kf3 Rcd2 33.R4b6+ Kf5 34.Rxd7 Rd3+ 35.Kf2 Rxd4
36.Rxf7+ Ke4 37.Rxg7 h5 38.Rg5 Kf4  0-1

[Event "EUCup Honved-Solingen"]
[Site "Solingen"]
[Date "1989.??.??"]
[Round "?"]
[White "Dueball, Juergen"]
[Black "Horvath, Csaba"]
[Result "1/2-1/2"]
[WhiteElo "2435"]
[BlackElo "2470"]

1.e4 c5 2.Nf3 Nc6 3.d4 cxd4 4.Nxd4 e6 5.Nc3 Qc7 6.g3 a6 7.Bg2 d6 8.O-O Nf6
9.Re1 Rb8 10.Nxc6 bxc6 11.Na4 Nd7 12.c4 c5 13.b3 Be7 14.Bb2 O-O 15.f4 Bb7
16.Qg4 Bf6 17.Bxf6 Nxf6 18.Qe2 Nd7 19.Rad1 Rbd8 20.e5 dxe5 21.Bxb7 Qxb7 22.fxe5 Rc8
23.Rd6 Rc7 24.Red1 h6 25.Qe3 Rb8 26.R1d2 Nf8 27.Rb6 Qc8 28.Rxb8 Qxb8 29.Rd6 Qb4
30.Rxa6 Qa3 31.Qd2 Ng6 32.Ra8+ Kh7 33.Nb6 Ra7 34.Rxa7 Qxa7 35.Nd7 Qa8 36.Qd3 Qxa2
37.Nf8+ Kh8 38.Nxg6+ fxg6 39.Qe3 Qb1+ 40.Kg2 Qc2+ 41.Kh3 Qd1 42.Kg2  1/2-1/2

[Event "Spijkenisse"]
[Site "Spijkenisse"]
[Date "1989.??.??"]
[Round "6"]
[White "Howell, James C"]
[Black "Cramling, Pia"]
[Result "1-0"]
[WhiteElo "2440"]
[BlackElo "2480"]

1.e4 c5 2.Nf3 e6 3.d4 cxd4 4.Nxd4 Nc6 5.Nc3 Qc7 6.f4 Nxd4 7.Qxd4 a6 8.Be2 b5
9.Be3 Bb7 10.O-O h5 11.Bf3 Rc8 12.Rad1 Nf6 13.Kh1 Be7 14.Rd2 d6 15.a4 e5
16.Qd3 b4 17.Nd5 Nxd5 18.exd5 Bf6 19.Be2 h4 20.Bg4 Rd8 21.fxe5 dxe5 22.d6 Qc6
23.d7+ Kf8 24.Qf5 Qc4 25.h3 Be4 26.Qf2 Kg8 27.Bb6 Bd5 28.Rfd1 Bb7 29.Rd6 Be7
30.Bxd8 Bxd8 31.Qe2 Qc5 32.Bf3 Bxf3 33.Qxf3 Qxc2 34.b3 a5 35.Rc6  1-0

[Event "Sverdlovsk"]
[Site "Sverdlovsk"]
[Date "1989.??.??"]
[Round "?"]
[White "Bokan, Danko"]
[Black "Fogarasi, Tibor"]
[Result "1/2-1/2"]
[WhiteElo "2250"]
[BlackElo "2395"]

1.e4 c5 2.Nf3 e6 3.d4 cxd4 4.Nxd4 Nc6 5.Nc3 Qc7 6.Be3 a6 7.Be2 Nf6 8.a3 Be7
9.O-O O-O 10.f4 d6 11.Nb3 b5 12.Bf3 Bb7 13.Qd2 Rfe8 14.Kh1 Rac8 15.Rad1 b4
16.axb4 Nxb4 17.Qf2 d5 18.e5 Ne4 19.Bxe4 dxe4 20.Nd4 Bf8  1/2-1/2

[Event "SWE-ch"]
[Site "?"]
[Date "1989.??.??"]
[Round "?"]
[White "Winge, Stefan"]
[Black "Akesson, Ralf"]
[Result "0-1"]
[WhiteElo "2270"]
[BlackElo "2445"]

1.e4 c5 2.Nf3 e6 3.d4 cxd4 4.Nxd4 Nc6 5.Nc3 Qc7 6.Be3 a6 7.Qd2 Nxd4 8.Bxd4 b5
9.Bd3 Bb7 10.O-O Nf6 11.e5 Ng4 12.f4 Bc5 13.Be4 b4 14.Na4 Bxd4+ 15.Qxd4 Bxe4
16.Qxe4 O-O 17.Qe2 h5 18.Rae1 g6 19.h3 Nh6 20.g4 hxg4 21.hxg4 Qc6 22.b3 Kg7
23.Rf2 Rh8 24.Rg2 d6 25.Rf1 Rae8 26.Nb2 Qc3 27.Nd3 Qd4+ 28.Rff2 Rd8 29.Rg3 dxe5
30.fxe5 Rd7 31.Qf3 Ng8 32.Rh3 Rxh3 33.Qxh3 Nh6 34.Qf3  0-1

[Event "SWE-ch"]
[Site "?"]
[Date "1989.??.??"]
[Round "?"]
[White "Winsnes, Rikard"]
[Black "Engqvist, Thomas"]
[Result "1-0"]
[WhiteElo "2355"]
[BlackElo "2305"]

1.e4 c5 2.Nf3 e6 3.d4 cxd4 4.Nxd4 Nc6 5.Nc3 d6 6.Be3 Nf6 7.Qd2 Be7 8.f3 O-O
9.g4 Nd7 10.O-O-O Nde5 11.Qg2 Na5 12.Kb1 a6 13.h4 b5 14.g5 b4 15.Nce2 d5
16.Ng3 dxe4 17.Nxe4 Bb7 18.Be2 Qc8 19.h5 Nac4 20.Bxc4 Nxc4 21.Bc1 e5 22.Nf6+ Kh8
23.Nxh7 Kxh7 24.g6+ Kg8 25.h6 Bf6 26.hxg7 Bxg7 27.Rh8+ Bxh8 28.g7 Nd2+ 29.Bxd2 Bxg7
30.Rg1  1-0

[Event "SWE-ch"]
[Site "?"]
[Date "1989.??.??"]
[Round "?"]
[White "Schneider, Lars Ake"]
[Black "Bergstrom, Christer"]
[Result "1/2-1/2"]
[WhiteElo "2460"]
[BlackElo "2460"]

1.e4 c5 2.Nf3 e6 3.d4 cxd4 4.Nxd4 Nc6 5.Nc3 a6 6.Be2 Qc7 7.f4 b5 8.Nxc6 Qxc6
9.Bf3 Bb7 10.O-O b4 11.Ne2 Bc5+ 12.Kh1 Nf6 13.Ng3 O-O 14.e5 Nd5 15.Nh5 Qb5
16.Bd2 Ne7 17.Bxb7 Qxb7 18.Qg4 Nf5 19.Rf3 Kh8 20.Rd1 Rac8 21.Rd3 Be7 22.c3 a5
23.Be1 Rfd8 24.Ng3 Nh4 25.Ne2 Nf5 26.Nd4 Nxd4 27.Rxd4 Qb5 28.Qf3 Qa4 29.cxb4 axb4
30.a3 Bc5 31.Rc4 Qb5 32.Rdc1 bxa3 33.bxa3 Bf2 34.Qe2 Rxc4 35.Rxc4 Bxe1 36.Rc8 Qa5
37.Rxd8+ Qxd8 38.Qxe1 Qa8 39.Qb4 h5 40.h3 Qd5 41.Qf8+ Kh7 42.Qxf7 Qd1+ 43.Kh2 h4
44.Qe7 Qe1 45.Qb4 Qe3 46.a4 Kg8 47.a5 Kf7 48.a6 Ke8 49.Qb1 Qxf4+ 50.Kh1 Qa4
51.Qb8+ Kf7 52.a7 Qa5 53.Kh2 Qe1 54.Qb6 Qxe5+ 55.Kh1 Qe1+ 56.Kh2 Qg3+ 57.Kh1 Qe1+
58.Qg1 Qa5 59.Qe3 Ke8 60.Kh2 Kd8 61.Qd4 Kc7  1/2-1/2

[Event "SWE-ch"]
[Site "?"]
[Date "1989.??.??"]
[Round "?"]
[White "Johansson, Jan"]
[Black "Akesson, Ralf"]
[Result "0-1"]
[WhiteElo "2365"]
[BlackElo "2445"]

1.e4 c5 2.Nf3 e6 3.d4 cxd4 4.Nxd4 Nc6 5.Nc3 Qc7 6.g3 a6 7.Bg2 Nf6 8.O-O Nxd4
9.Qxd4 Bc5 10.Qd3 d6 11.Bf4 Ke7 12.Na4 e5 13.Nxc5 dxc5 14.Bg5 Rd8 15.Qf3 Be6
16.Qh5 h6 17.Bxf6+ Kxf6 18.f4 Ke7 19.fxe5 Rd2 20.Bh3 Qb6 21.b3 c4+ 22.Kh1 cxb3
23.cxb3 Rc8 24.Rad1 Rcc2 25.Rxd2 Rxd2 26.Qh4+ Ke8 27.Qf4 Rxa2 28.Bxe6 Qxe6
29.b4 Rb2 30.Kg1 Rxb4 31.Rd1 Qb6+ 32.Kg2 Qc6 33.Rd6 Qxe4+  0-1

[Event "SWZ-ch int"]
[Site "?"]
[Date "1989.??.??"]
[Round "7"]
[White "Ioseliani, Nana"]
[Black "Cebalo, Miso"]
[Result "1-0"]
[WhiteElo "2470"]
[BlackElo "2485"]

1.e4 c5 2.Nf3 e6 3.d4 cxd4 4.Nxd4 Nc6 5.Nc3 d6 6.g3 Nf6 7.Bg2 Bd7 8.O-O Be7
9.Nxc6 Bxc6 10.a4 O-O 11.Qe2 Nd7 12.Rd1 a6 13.Be3 Qc7 14.a5 Rac8 15.f4 Rfe8
16.Qf2 Bf6 17.Qd2 d5 18.exd5 Bxc3 19.Qxc3 Bxd5 20.Qxc7 Rxc7 21.Rd2 Bxg2 22.Kxg2 Nf6
23.Kf3 Nd5 24.Ra3 Rec8 25.Rb3 h5 26.c3 f6 27.Bf2 Kf7 28.f5 g6 29.fxg6+ Kxg6
30.Rd4 Re8 31.Ke2 Ne7 32.Rd6 Nc6 33.Bb6 Rh7 34.c4 Ne5 35.Re3 h4 36.Bd4 hxg3
37.Rxg3+ Kf5 38.Bxe5 Kxe5 39.Rb6 Rxh2+ 40.Kd3 Re7 41.Re3+ Kf5 42.c5 Rf2 43.c6 bxc6
44.Kc3 Ra7 45.Rxc6 e5 46.Rd3 Kg5 47.Rdd6 Rh7 48.b3 f5 49.Rxa6 e4 50.Rab6 Rh1
51.Re6 Ra1 52.a6 Kf4 53.Rb7 Rfa2 54.Ra7 Kf3 55.Rf6 Ra5 56.Raf7 Kg4 57.a7 e3
58.Re6 f4 59.Re4 Rf5 60.Rxf5 Kxf5 61.Ra4 Rc1+ 62.Kd3 Rd1+ 63.Kc2 e2 64.a8=Q Rc1+
65.Kd3 e1=Q 66.Qf8+ Kg6 67.Ra6+ Kg5  1-0

[Event "SWZ-ch int"]
[Site "?"]
[Date "1989.??.??"]
[Round "9"]
[White "Campora, Daniel H"]
[Black "Cebalo, Miso"]
[Result "1/2-1/2"]
[WhiteElo "2495"]
[BlackElo "2485"]

1.e4 c5 2.Nf3 e6 3.d4 cxd4 4.Nxd4 Nc6 5.Nc3 d6 6.g3 Nf6 7.Bg2 Bd7 8.O-O Be7
9.a4 O-O 10.Re1 a6 11.Nxc6 Bxc6 12.a5 Nd7 13.Be3 b5 14.axb6 Nxb6 15.Nd5 Bxd5
16.exd5 e5 17.Qd3 a5 18.Qb5 Rb8 19.b3 f5 20.Qxa5 Bf6 21.Qd2 f4 22.Bxb6 Qxb6
23.Be4 Bd8 24.Ra4 Qb7 25.Kg2 Bb6 26.f3 g6 27.Qd3 Bc5 28.b4 Qd7 29.Qa3 Be3
30.c4 Rfc8 31.b5 Bc5 32.Qd3 Rf8 33.Ra6 Bb6 34.Rc1 Kg7 35.c5 Bxc5 36.Bxg6 Rxb5
37.Bxh7 Rb2+ 38.Rc2 Rxc2+ 39.Qxc2 fxg3 40.Qg6+ Kh8 41.Qh6  1/2-1/2

[Event "SWZ-ch int"]
[Site "?"]
[Date "1989.??.??"]
[Round "11"]
[White "Ekstroem, Roland"]
[Black "Kaenel, Hansjuerg"]
[Result "1-0"]
[WhiteElo "2445"]
[BlackElo "2365"]

1.e4 c5 2.Nf3 e6 3.d4 cxd4 4.Nxd4 Nc6 5.Nc3 Qc7 6.Be2 a6 7.Be3 Nf6 8.a3 Be7
9.O-O O-O 10.f4 d6 11.Qe1 Nxd4 12.Bxd4 b5 13.Qg3 Bb7 14.Kh1 Bc6 15.Bf3 Qb7
16.Rae1 Rad8 17.e5 Ne8 18.Ne4 dxe5 19.Bxe5 Bd5 20.Bc3 Rc8 21.Re3 Qa7 22.Rfe1 Bxe4
23.Bxe4 Bc5 24.Rf3 f5 25.Bd3 Rc6 26.Be5 Nf6 27.h3 Rf7 28.c3 Nd7 29.Bc2 Nxe5
30.Rxe5 Bd4 31.Re2 Bb6 32.Bb3 Rf6 33.Rd3 h6 34.Red2 Rc7 35.Qf3 Re7 36.Qc6 Be3
37.Re2 Bxf4 38.Rxe6 Rexe6 39.Bxe6+ Kh7 40.Qe8 h5 41.Qg8+ Kg6 42.Rd7 Qxd7
43.Bxd7 Rd6 44.Be8+ Kf6 45.Qf7+  1-0

[Event "Sydney"]
[Site "Sydney"]
[Date "1989.??.??"]
[Round "6"]
[White "Solomon, Stephen J"]
[Black "Johansen, Darryl K"]
[Result "0-1"]
[WhiteElo "2370"]
[BlackElo "2420"]

1.e4 c5 2.Nf3 e6 3.d4 cxd4 4.Nxd4 Nc6 5.Nc3 d6 6.Be2 Nf6 7.O-O Be7 8.Kh1 O-O
9.f4 Bd7 10.Be3 Nxd4 11.Bxd4 Bc6 12.Qd3 b5 13.a3 a6 14.Qg3 Qd7 15.Bd3 a5
16.e5 dxe5 17.Bxe5 g6 18.f5 Nh5 19.Qh3 exf5 20.Bxf5 Qb7 21.Rae1 gxf5 22.Rxf5 f6
23.Bd4 Ng7 24.Rf4 Rae8 25.Ref1 b4 26.axb4 axb4 27.Nd1 f5 28.Bxg7 Kxg7 29.Ne3 Kh8
30.Nxf5 Bg5 31.R4f2 Qd7 32.Qg3 Bd8 33.Nd4 Rg8 34.Qd3 Be4 35.Qc4 Bh4 36.Rd2 Qg4
37.Qe2 Qxe2 38.Rxe2 Bd5 39.Rxe8 Rxe8 40.c3 Bf6 41.Kg1 Bxd4+ 42.cxd4 Re2 43.Rf2 Re1+
44.Rf1 Rxf1+ 45.Kxf1 Kg7 46.g4 Bf3 47.h3 Kf6 48.Kf2 Bd1 49.Ke1 Ba4 50.Kd2 Ke6
51.h4 Kd5 52.Kd3 Bd7 53.g5 Bf5+ 54.Ke3 Bg6 55.b3 Bh5  0-1

[Event "Szekszard op"]
[Site "Szekszard"]
[Date "1989.??.??"]
[Round "3"]
[White "Becker, Michael"]
[Black "Fancsy, Imre"]
[Result "1-0"]
[WhiteElo "2320"]
[BlackElo "2300"]

1.e4 c5 2.Nf3 e6 3.d4 cxd4 4.Nxd4 Nc6 5.Nc3 Qc7 6.Be2 a6 7.O-O Nf6 8.Be3 Bb4
9.Na4 O-O 10.g3 b5 11.Nxc6 dxc6 12.c3 Be7 13.Nc5 Rd8 14.Qc2 Nd7 15.Nxd7 Bxd7
16.f4 c5 17.Bf3 Bc6 18.Rad1 Qb7 19.Bg2 c4 20.e5 Bxg2 21.Qxg2 Qxg2+ 22.Kxg2 Kf8
23.Kf3 Ke8 24.Ke4 Rxd1 25.Rxd1 Rd8 26.Bd4 Bc5 27.g4 Bb6 28.f5 a5 29.Rc1 Bxd4
30.cxd4 Rc8 31.a3 b4 32.axb4 axb4 33.Ra1 c3 34.bxc3 Rxc3 35.Ra8+ Ke7 36.Ra7+ Ke8
37.Rb7 b3 38.h4  1-0